Ageing and later life
Αποθηκεύτηκε σε:
| Άλλοι συγγραφείς: | , |
|---|---|
| Μορφή: | Βιβλίο |
| Γλώσσα: | English |
| Δημοσίευση: |
London :
Sage,
c1993.
|
| Θέματα: | |
| Ετικέτες: |
Προσθήκη ετικέτας
Δεν υπάρχουν, Καταχωρήστε ετικέτα πρώτοι!
|
MARC
| LEADER | 00000cam a2200000 i 4500 | ||
|---|---|---|---|
| 001 | 1/102126 | ||
| 008 | 951009s1993 eng d | ||
| 020 | |a 0-8039-8966-0 | ||
| 035 | |l 10012377 | ||
| 040 | |a GR-MY-UA |b gre |e aacr | ||
| 041 | 0 | |a eng | |
| 082 | 0 | |a 305.26 | |
| 245 | 1 | 0 | |a Ageing and later life / |c edited by Julia Johnson and Robert Slater. |
| 260 | |a London : |b Sage, |c c1993. | ||
| 300 | |a 369 σ. | ||
| 504 | |a Περιέχει ευρετήριο. | ||
| 650 | 0 | 0 | |a Older people |z Great Britain. |
| 650 | 0 | 0 | |a Older people |x Social aspects |z Great Britain. |
| 700 | 0 | |a Johnson, Julia, |e edtf | |
| 700 | 1 | |a Slater, Robert |d 1945- |e edt | |
| 852 | |a INST |b LESVOS |e 19951009 |h 305.26 AGE |p 005100010773 |q 005100010773 |t BK |y 0 | ||
| 909 | |a Λ |b 040852 | ||
| 922 | |a 1ΕΛΗ |b 199504 |c 20/ΠΑΡΑΔΕΛΛΗΣ |d ΚΩΣΤΑΡΑΚΗΣ | ||
| 950 | |a 020-1995-02-23 | ||